[Event "Split Open 2016"]
[Site "Split CRO"]
[Date "2016.08.14"]
[Round "2.9"]
[White "Vrankovic, Ivan"]
[Black "Plenca, Julijan"]
[Result "0-1"]
[WhiteElo "2077"]
[BlackElo "2410"]
[PlyCount "134"]
[EventDate "2016.08.13"]
[EventType "swiss"]
[EventRounds "9"]
[EventCountry "CRO"]
[SourceTitle "Ajedrez en Madrid"]
[Source "lmi"]
[SourceDate "2016.08.13"]
[SourceVersion "1"]
[SourceVersionDate "2018.03.10"]
[SourceQuality "1"]

1. e4 d6 2. d4 g6 3. Nc3 Bg7 4. Be3 a6 5. g3 b5 6. Bg2 Bb7 7. Nge2 Nd7 8. O-O
b4 9. Nd5 a5 10. c4 c6 11. Ndf4 Ngf6 12. f3 e5 13. Nd3 exd4 14. Nxd4 O-O 15. a3
Re8 16. Qd2 Nb6 17. Rac1 Nfd7 18. Rfd1 d5 19. exd5 cxd5 20. cxd5 Bxd5 21. Nc6
Bxc6 22. Rxc6 bxa3 23. bxa3 Qe7 24. Bf2 Qxa3 25. Rxb6 Nxb6 26. Bxb6 a4 27. f4
Qd6 28. Qf2 Rad8 29. Bc5 Qxc5 30. Qxc5 Bd4+ 31. Qxd4 Rxd4 32. Bf1 Rc8 33. Ra1
Rc2 34. Ra3 Kg7 35. Nf2 Rb2 36. Nd3 Rc2 37. Ne5 f6 38. Ng4 h5 39. Ne3 Rb2 40.
Nc4 Rb4 41. Na5 Rd5 42. Nc4 Rc5 43. Nd2 Rc2 44. Nf3 Rb3 45. Nd4 Rxa3 46. Nxc2
Rc3 47. Nb4 a3 48. Bg2 Rc1+ 49. Bf1 Rb1 50. Na2 Ra1 51. Nb4 a2 52. Nxa2 Rxa2
53. Bg2 Rb2 54. h3 h4 55. Kh2 Rf2 56. gxh4 Rxf4 57. Kg3 Rb4 58. Bf3 f5 59. Be2
Kf6 60. Bf3 Ke5 61. h5 g5 62. Bc6 Kf6 63. Bf3 Kg7 64. Be2 Kh6 65. Bf3 Rb3 66.
Kf2 Rxf3+ 67. Kxf3 Kxh5 0-1

[Event "Split Open 2016"]
[Site "Split CRO"]
[Date "2016.08.14"]
[Round "2.10"]
[White "Plenkovic, Zdenko"]
[Black "Tomaš, Ante"]
[Result "1-0"]
[WhiteElo "2409"]
[BlackElo "2076"]
[PlyCount "53"]
[EventDate "2016.08.13"]
[EventType "swiss"]
[EventRounds "9"]
[EventCountry "CRO"]
[SourceTitle "Ajedrez en Madrid"]
[Source "lmi"]
[SourceDate "2016.08.13"]
[SourceVersion "1"]
[SourceVersionDate "2018.03.10"]
[SourceQuality "1"]

1. f4 Nf6 2. Nf3 g6 3. b3 Bg7 4. Bb2 O-O 5. g3 d6 6. d4 Ne4 7. Nbd2 Bf5 8. Bg2
c5 9. Nh4 d5 10. Nxf5 gxf5 11. Nxe4 dxe4 12. e3 Nc6 13. c3 e6 14. Qe2 Qb6 15.
O-O-O a5 16. Bf1 Rfc8 17. Kb1 cxd4 18. exd4 a4 19. Qb5 Qc7 20. d5 Nd4 21. Rxd4
Bxd4 22. dxe6 Bxc3 23. Bc4 Bxb2 24. exf7+ Kg7 25. Kxb2 Ra5 26. Qe8 Qd8 27.
f8=Q# 1-0

[Event "Split Open 2016"]
[Site "Split CRO"]
[Date "2016.08.14"]
[Round "2.12"]
[White "Abrahams, Daniel"]
[Black "Drnovšek, Gal"]
[Result "1/2-1/2"]
[WhiteElo "2065"]
[BlackElo "2367"]
[PlyCount "61"]
[EventDate "2016.08.13"]
[EventType "swiss"]
[EventRounds "9"]
[EventCountry "CRO"]
[SourceTitle "Ajedrez en Madrid"]
[Source "lmi"]
[SourceDate "2016.08.13"]
[SourceVersion "1"]
[SourceVersionDate "2018.03.10"]
[SourceQuality "1"]

1. c4 c5 2. Nc3 Nc6 3. g3 g6 4. Bg2 Bg7 5. Nf3 e6 6. O-O Nge7 7. Rb1 d5 8. d3
O-O 9. Bd2 b6 10. a3 Bb7 11. b4 dxc4 12. dxc4 Rc8 13. Qa4 cxb4 14. axb4 a5 15.
bxa5 Nxa5 16. Rfd1 Rxc4 17. Qa3 Nd5 18. Na4 Nc6 19. Qb3 Ba6 20. Nxb6 Nxb6 21.
Qxb6 Qc8 22. Rdc1 Nd4 23. Nxd4 Bxd4 24. Qb3 Rd8 25. Be3 Qc5 26. Rxc4 Bxc4 27.
Bxd4 Rxd4 28. Qc3 Qe5 29. Bf1 Re4 30. Qxe5 Rxe5 31. e3 1/2-1/2

[Event "Split Open 2016"]
[Site "Split CRO"]
[Date "2016.08.14"]
[Round "2.13"]
[White "Tomazini, Aljoša"]
[Black "Malinovsky, Ilya"]
[Result "1-0"]
[WhiteElo "2365"]
[BlackElo "2069"]
[PlyCount "59"]
[EventDate "2016.08.13"]
[EventType "swiss"]
[EventRounds "9"]
[EventCountry "CRO"]
[SourceTitle "Ajedrez en Madrid"]
[Source "lmi"]
[SourceDate "2016.08.13"]
[SourceVersion "1"]
[SourceVersionDate "2018.03.10"]
[SourceQuality "1"]

1. d4 e6 2. c4 d5 3. Nc3 f5 4. Bf4 c6 5. e3 Nf6 6. Nf3 Be7 7. h3 Nbd7 8. Bd3
Ne4 9. Qc2 Ndf6 10. g4 Nxc3 11. Qxc3 dxc4 12. Qxc4 Nd5 13. Be5 Qa5+ 14. Ke2 O-O
15. a3 Qb6 16. Rab1 a5 17. Rhg1 Rf7 18. h4 Qd8 19. Rg2 Bd7 20. Rbg1 f4 21. Qc2
fxe3 22. Bxh7+ Kh8 23. fxe3 c5 24. Qg6 Bb5+ 25. Kd2 Nf6 26. Qxf7 Be8 27. Qxe6
Nxh7 28. Ng5 cxd4 29. Qh6 dxe3+ 30. Ke1 1-0

[Event "Split Open 2016"]
[Site "Split CRO"]
[Date "2016.08.14"]
[Round "2.14"]
[White "Luetic, Ante"]
[Black "Ostovic, Matija"]
[Result "0-1"]
[WhiteElo "2059"]
[BlackElo "2352"]
[PlyCount "39"]
[EventDate "2016.08.13"]
[EventType "swiss"]
[EventRounds "9"]
[EventCountry "CRO"]
[SourceTitle "Ajedrez en Madrid"]
[Source "lmi"]
[SourceDate "2016.08.13"]
[SourceVersion "1"]
[SourceVersionDate "2018.03.10"]
[SourceQuality "1"]

1. c4 Nf6 2. Nc3 d5 3. cxd5 Nxd5 4. Nf3 g6 5. Qb3 Nb6 6. h4 Bg7 7. h5 Be6 8.
Qc2 Nc6 9. hxg6 hxg6 10. Rxh8+ Bxh8 11. Ng5 Nd4 12. Qd1 Bf5 13. d3 Qd7 14. Be3
Bf6 15. g3 Nc4 16. Bxd4 Nxb2 17. Qb3 Qxd4 18. Qxb7 Kd7 19. Qd5+ Qxd5 20. Nxd5
0-1

[Event "Split Open 2016"]
[Site "Split CRO"]
[Date "2016.08.14"]
[Round "2.15"]
[White "Yrjola, Jouni"]
[Black "Šaric, Luka"]
[Result "1-0"]
[WhiteElo "2344"]
[BlackElo "2057"]
[PlyCount "51"]
[EventDate "2016.08.13"]
[EventType "swiss"]
[EventRounds "9"]
[EventCountry "CRO"]
[SourceTitle "Ajedrez en Madrid"]
[Source "lmi"]
[SourceDate "2016.08.13"]
[SourceVersion "1"]
[SourceVersionDate "2018.03.10"]
[SourceQuality "1"]

1. c4 e6 2. Nc3 d5 3. d4 Be7 4. cxd5 exd5 5. Bf4 c6 6. Qc2 Nf6 7. e3 Nh5 8. Bg3
Nd7 9. Bd3 g6 10. Nge2 O-O 11. O-O-O Nxg3 12. hxg3 Re8 13. Nf4 Nf8 14. f3 Bf6
15. Qf2 b5 16. Kb1 Ne6 17. g4 Qb6 18. g3 Bb7 19. Nxe6 Rxe6 20. f4 Rae8 21. g5
Bh8 22. f5 f6 23. fxg6 fxg5 24. gxh7+ Kg7 25. Rdf1 c5 26. Qf5 1-0

[Event "Split Open 2016"]
[Site "Split CRO"]
[Date "2016.08.14"]
[Round "2.17"]
[White "Milenkovic, Mladen"]
[Black "Karsay, Pascal"]
[Result "0-1"]
[WhiteElo "2338"]
[BlackElo "2047"]
[PlyCount "70"]
[EventDate "2016.08.13"]
[EventType "swiss"]
[EventRounds "9"]
[EventCountry "CRO"]
[SourceTitle "Ajedrez en Madrid"]
[Source "lmi"]
[SourceDate "2016.08.13"]
[SourceVersion "1"]
[SourceVersionDate "2018.03.10"]
[SourceQuality "1"]

1. e4 c5 2. Nf3 e6 3. d4 cxd4 4. Nxd4 a6 5. Nc3 Qc7 6. Bd3 Nf6 7. f4 d6 8. O-O
Nbd7 9. Kh1 Be7 10. Qf3 b5 11. Bd2 Bb7 12. Rae1 O-O 13. Qg3 b4 14. Nd1 d5 15.
exd5 Nxd5 16. Qh3 N7f6 17. Nf2 g6 18. f5 Bc5 19. fxg6 Bxd4 20. gxh7+ Kh8 21.
Qh4 Bxb2 22. Bh6 Bc3 23. Qg5 Nxh7 24. Bxh7 f6 25. Qc1 Qxh7 26. Re4 Rg8 27. Rh4
Rxg2 28. Bg7+ Rxg7 29. Rxh7+ Kxh7 30. Ne4 Ne7 31. Rf4 f5 32. Rh4+ Kg8 33. Qh6
Ng6 34. h3 Nxh4 35. Qxe6+ Kh7 0-1

[Event "Split Open 2016"]
[Site "Split CRO"]
[Date "2016.08.14"]
[Round "2.18"]
[White "Gerard, Ferry F.J.F."]
[Black "Armanda, Ivica"]
[Result "0-1"]
[WhiteElo "2046"]
[BlackElo "2335"]
[PlyCount "63"]
[EventDate "2016.08.13"]
[EventType "swiss"]
[EventRounds "9"]
[EventCountry "CRO"]
[SourceTitle "Ajedrez en Madrid"]
[Source "lmi"]
[SourceDate "2016.08.13"]
[SourceVersion "1"]
[SourceVersionDate "2018.03.10"]
[SourceQuality "1"]

1. d4 Nf6 2. c4 g6 3. Nc3 Bg7 4. e4 d6 5. f3 O-O 6. Be3 Nc6 7. Bd3 e5 8. d5 Nd4
9. Nge2 Nh5 10. Ng3 Nf4 11. Qd2 Bh3 12. Bf1 c5 13. O-O-O Bd7 14. h4 b5 15. h5
Qa5 16. hxg6 fxg6 17. Nge2 b4 18. Nb1 Nfxe2+ 19. Bxe2 Qxa2 20. Bxd4 exd4 21.
Rdf1 a5 22. g3 a4 23. Bd3 Qa1 24. Qh2 h6 25. Qg2 b3 26. Qd2 a3 27. bxa3 Rxa3
28. Qb2 Qxb2+ 29. Kxb2 Ra2+ 30. Kc1 Rg2 31. Nd2 Ba4 32. Nb1 0-1

[Event "Split Open 2016"]
[Site "Split CRO"]
[Date "2016.08.14"]
[Round "2.19"]
[White "Stocko, Josip"]
[Black "Batinic, Josip"]
[Result "1-0"]
[WhiteElo "2326"]
[BlackElo "2045"]
[PlyCount "49"]
[EventDate "2016.08.13"]
[EventType "swiss"]
[EventRounds "9"]
[EventCountry "CRO"]
[SourceTitle "Ajedrez en Madrid"]
[Source "lmi"]
[SourceDate "2016.08.13"]
[SourceVersion "1"]
[SourceVersionDate "2018.03.10"]
[SourceQuality "1"]

1. e4 c6 2. d4 d5 3. e5 Bf5 4. Nf3 e6 5. Be2 c5 6. O-O Nc6 7. Be3 cxd4 8. Nxd4
Nxd4 9. Qxd4 Ne7 10. Qa4+ Nc6 11. Bb5 Qc8 12. g4 Bg6 13. f4 a6 14. Bxc6+ Qxc6
15. Qxc6+ bxc6 16. f5 exf5 17. gxf5 Bh5 18. Nc3 Rd8 19. Rf4 c5 20. Bf2 d4 21.
Ne4 Be2 22. Re1 Bc4 23. Bh4 Rb8 24. e6 Rb6 25. Nd2 1-0

[Event "Split Open 2016"]
[Site "Split CRO"]
[Date "2016.08.14"]
[Round "3.2"]
[White "Zelic, Mladen"]
[Black "Brkic, Ante"]
[Result "0-1"]
[WhiteElo "2294"]
[BlackElo "2577"]
[PlyCount "60"]
[EventDate "2016.08.13"]
[EventType "swiss"]
[EventRounds "9"]
[EventCountry "CRO"]
[SourceTitle "Ajedrez en Madrid"]
[Source "lmi"]
[SourceDate "2016.08.13"]
[SourceVersion "1"]
[SourceVersionDate "2018.03.10"]
[SourceQuality "1"]

1. e4 e5 2. Nf3 Nc6 3. c3 d5 4. Qa4 Bd7 5. exd5 Nd4 6. Qd1 Nxf3+ 7. Qxf3 Nf6 8.
Bc4 b5 9. Bb3 e4 10. Qe2 Bd6 11. d4 O-O 12. Bg5 h6 13. Bh4 a5 14. Nd2 g5 15.
Bg3 a4 16. Bc2 Bg4 17. Qe3 Nxd5 18. Qxe4 Nf6 19. Qe3 Nd5 20. Qe4 Re8 21. Be5
Nf6 22. Qe3 Nd7 23. Qe4 f5 24. Qd5+ Kf8 25. O-O Nxe5 26. dxe5 Rxe5 27. Qd4 c5
28. Qd3 Rd5 29. Qe3 Bf4 30. Qe6 Rd6 0-1

[Event "Split Open 2016"]
[Site "Split CRO"]
[Date "2016.08.14"]
[Round "3.3"]
[White "Šaric, Ante"]
[Black "Biliškov, Vjekoslav"]
[Result "0-1"]
[WhiteElo "2562"]
[BlackElo "2281"]
[PlyCount "94"]
[EventDate "2016.08.13"]
[EventType "swiss"]
[EventRounds "9"]
[EventCountry "CRO"]
[SourceTitle "Ajedrez en Madrid"]
[Source "lmi"]
[SourceDate "2016.08.13"]
[SourceVersion "1"]
[SourceVersionDate "2018.03.10"]
[SourceQuality "1"]

1. Nf3 c5 2. c4 g6 3. d4 Bg7 4. e4 d6 5. dxc5 dxc5 6. Qxd8+ Kxd8 7. Nc3 Bxc3+
8. bxc3 Nc6 9. Bf4 f6 10. e5 Ke8 11. exf6 exf6 12. Nd2 g5 13. Bg3 Bf5 14. h4 g4
15. Be2 Nge7 16. Nf1 h5 17. Ne3 Be6 18. f3 f5 19. fxg4 fxg4 20. O-O-O Rd8 21.
Bd3 Kf7 22. Be4 Kg7 23. Bd5 Bc8 24. Bf4 Rhf8 25. Bg5 Rde8 26. Rhe1 Ne5 27. Be4
Nf7 28. Bf4 Ng6 29. Bxg6 Kxg6 30. Nd5 Bf5 31. Ne7+ Kf6 32. Nxf5 Rxe1 33. Rxe1
Kxf5 34. g3 Kf6 35. Rd1 Ne5 36. Rd6+ Kf5 37. Rd5 Re8 38. Kc2 b6 39. Kb3 Ke4 40.
Rd1 Nd3 41. Bd6 Rd8 42. Bc7 Rc8 43. Bd6 Rd8 44. Be7 Re8 45. Bg5 Rf8 46. Rd2 Rf2
47. Rxf2 Nxf2 0-1

[Event "Split Open 2016"]
[Site "Split CRO"]
[Date "2016.08.14"]
[Round "3.4"]
[White "Makovec, Bruno"]
[Black "Martinovic, Saša"]
[Result "0-1"]
[WhiteElo "2281"]
[BlackElo "2560"]
[PlyCount "87"]
[EventDate "2016.08.13"]
[EventType "swiss"]
[EventRounds "9"]
[EventCountry "CRO"]
[SourceTitle "Ajedrez en Madrid"]
[Source "lmi"]
[SourceDate "2016.08.13"]
[SourceVersion "1"]
[SourceVersionDate "2018.03.10"]
[SourceQuality "1"]

1. d4 d5 2. Nf3 e6 3. c4 a6 4. Nbd2 dxc4 5. Nxc4 b5 6. Ncd2 c5 7. dxc5 Bxc5 8.
e3 Nf6 9. Be2 Bb7 10. O-O O-O 11. a4 b4 12. b3 Nbd7 13. Bb2 Qe7 14. Nc4 Rfd8
15. Qc2 Rac8 16. Rad1 h6 17. Nfe5 Bd5 18. Qb1 Ba7 19. Bf3 Nxe5 20. Bxd5 exd5
21. Nxe5 Ne4 22. Nf3 Rc6 23. Nd4 Rg6 24. Qd3 Bb8 25. g3 h5 26. Ne2 h4 27. Nf4
Bxf4 28. exf4 hxg3 29. hxg3 Nc5 30. Qf3 Rgd6 31. Rd4 a5 32. Rfd1 Qd7 33. f5 Ne4
34. Kg2 Rc8 35. Qg4 Nf6 36. Qf4 Rc2 37. R1d2 Rcc6 38. Qe3 Rc8 39. f3 Re8 40.
Qf4 Re1 41. g4 Qe7 42. Qg3 Rd8 43. R4d3 Re8 44. Bd4 0-1

[Event "Split Open 2016"]
[Site "Split CRO"]
[Date "2016.08.14"]
[Round "3.5"]
[White "Cvitan, Ognjen"]
[Black "Piškur, Mitja"]
[Result "1-0"]
[WhiteElo "2506"]
[BlackElo "2278"]
[PlyCount "83"]
[EventDate "2016.08.13"]
[EventType "swiss"]
[EventRounds "9"]
[EventCountry "CRO"]
[SourceTitle "Ajedrez en Madrid"]
[Source "lmi"]
[SourceDate "2016.08.13"]
[SourceVersion "1"]
[SourceVersionDate "2018.03.10"]
[SourceQuality "1"]

1. d4 f5 2. g3 Nf6 3. Bg2 e6 4. c4 d5 5. Nh3 c6 6. O-O Bd6 7. Qc2 O-O 8. Bf4
Be7 9. Nd2 Nh5 10. Nf3 Nd7 11. Bd2 h6 12. Nf4 Nxf4 13. Bxf4 g5 14. Bd2 Nf6 15.
Ne5 Bd6 16. Nd3 Ne4 17. Be1 Qf6 18. e3 g4 19. b3 Bd7 20. Bb4 Bxb4 21. Nxb4 Rf7
22. Nd3 Ng5 23. f3 gxf3 24. Bxf3 Be8 25. Bg2 Qe7 26. Rf4 Rg7 27. Raf1 Bh5 28.
Kh1 Bg6 29. Ne5 Bh7 30. Qf2 Nf7 31. Nd3 Rd8 32. Rh4 a5 33. Qf4 dxc4 34. bxc4
Qa3 35. Ne5 Qxa2 36. Nxf7 Rxf7 37. Rg4+ Kf8 38. Qxh6+ Ke7 39. Rg7 Rh8 40. d5
cxd5 41. cxd5 exd5 42. Rc1 1-0

[Event "Split Open 2016"]
[Site "Split CRO"]
[Date "2016.08.14"]
[Round "3.7"]
[White "Srbiš, Jurica"]
[Black "Thorarinsson, Pall A."]
[Result "0-1"]
[WhiteElo "2426"]
[BlackElo "2270"]
[PlyCount "88"]
[EventDate "2016.08.13"]
[EventType "swiss"]
[EventRounds "9"]
[EventCountry "CRO"]
[SourceTitle "Ajedrez en Madrid"]
[Source "lmi"]
[SourceDate "2016.08.13"]
[SourceVersion "1"]
[SourceVersionDate "2018.03.10"]
[SourceQuality "1"]

1. e4 e6 2. d4 d5 3. Nd2 Nc6 4. Ngf3 Nf6 5. e5 Nd7 6. c3 f6 7. Bd3 fxe5 8. Nxe5
Ndxe5 9. dxe5 Nxe5 10. Qh5+ Nf7 11. Bxh7 Qf6 12. Nf3 e5 13. Bg5 Rxh7 14. Qxh7
Nxg5 15. Qh5+ Nf7 16. O-O g6 17. Qh4 g5 18. Qh5 Be6 19. h4 g4 20. Ng5 O-O-O 21.
Nxf7 Qxf7 22. Qxe5 Bd6 23. Qe3 Rh8 24. g3 b6 25. Rfe1 Bf5 26. Qd4 Rf8 27. b4
Be4 28. Qe3 Qg7 29. Qd2 Qf6 30. Qe3 Qg7 31. Qd2 Rf3 32. Re3 Rxe3 33. Qxe3 Bxb4
34. Rc1 Ba3 35. Rd1 Bc5 36. Qf4 Kb7 37. Re1 Qxc3 38. Rxe4 dxe4 39. Qxe4+ c6 40.
Kg2 Qd4 41. Qh7+ Ka6 42. Qc2 Qd5+ 43. Kf1 b5 44. Kg1 Kb6 0-1

[Event "Split Open 2016"]
[Site "Split CRO"]
[Date "2016.08.14"]
[Round "3.8"]
[White "Jaracz, Barbara"]
[Black "Šale, Srdan"]
[Result "0-1"]
[WhiteElo "2248"]
[BlackElo "2420"]
[PlyCount "84"]
[EventDate "2016.08.13"]
[EventType "swiss"]
[EventRounds "9"]
[EventCountry "CRO"]
[SourceTitle "Ajedrez en Madrid"]
[Source "lmi"]
[SourceDate "2016.08.13"]
[SourceVersion "1"]
[SourceVersionDate "2018.03.10"]
[SourceQuality "1"]

1. e4 c5 2. Nf3 e6 3. d4 cxd4 4. Nxd4 Bc5 5. Nb3 Bb6 6. Nc3 Ne7 7. Bg5 Nbc6 8.
Qd2 O-O 9. O-O-O f5 10. exf5 Rxf5 11. f3 d5 12. Be3 a5 13. a4 Nb4 14. f4 Bd7
15. g4 Rf7 16. Bg2 Rc8 17. Kb1 Bxe3 18. Qxe3 Qc7 19. Nd4 Qxf4 20. Rhe1 Qxe3 21.
Rxe3 Rf2 22. Re2 Rxe2 23. Ndxe2 Rf8 24. Rf1 Rxf1+ 25. Bxf1 Kf7 26. Nd4 Kf6 27.
Nf3 h6 28. h4 g5 29. hxg5+ hxg5 30. Bb5 Bc8 31. Ne2 e5 32. Nh2 e4 33. c3 Nbc6
34. Nd4 Ke5 35. Ne2 d4 36. cxd4+ Nxd4 37. Nxd4 Kxd4 38. Kc2 Nd5 39. Kd2 Nf6 40.
Be2 Bd7 41. Bd1 b6 42. Ke1 Ke3 0-1

[Event "Split Open 2016"]
[Site "Split CRO"]
[Date "2016.08.14"]
[Round "3.9"]
[White "Plenca, Julijan"]
[Black "Houska, Jiri"]
[Result "1-0"]
[WhiteElo "2410"]
[BlackElo "2216"]
[PlyCount "55"]
[EventDate "2016.08.13"]
[EventType "swiss"]
[EventRounds "9"]
[EventCountry "CRO"]
[SourceTitle "Ajedrez en Madrid"]
[Source "lmi"]
[SourceDate "2016.08.13"]
[SourceVersion "1"]
[SourceVersionDate "2018.03.10"]
[SourceQuality "1"]

1. e4 c5 2. Nf3 d6 3. d4 cxd4 4. Nxd4 Nf6 5. Nc3 g6 6. Be3 Bg7 7. f3 O-O 8. Qd2
Nc6 9. g4 Be6 10. Nxe6 fxe6 11. O-O-O Ne5 12. Be2 Rc8 13. Nb5 a6 14. Nd4 Qd7
15. h4 Nc4 16. Bxc4 Rxc4 17. Kb1 e5 18. Nb3 Rfc8 19. c3 Qc7 20. h5 a5 21. hxg6
hxg6 22. Bh6 a4 23. g5 Nh5 24. Qd5+ Kf8 25. Nd2 Rc5 26. Qe6 Nf4 27. Bxg7+ Kxg7
28. Rh7+ 1-0

[Event "Split Open 2016"]
[Site "Split CRO"]
[Date "2016.08.14"]
[Round "3.10"]
[White "Muha, Miljenko"]
[Black "Plenkovic, Zdenko"]
[Result "1-0"]
[WhiteElo "2214"]
[BlackElo "2409"]
[PlyCount "81"]
[EventDate "2016.08.13"]
[EventType "swiss"]
[EventRounds "9"]
[EventCountry "CRO"]
[SourceTitle "Ajedrez en Madrid"]
[Source "lmi"]
[SourceDate "2016.08.13"]
[SourceVersion "1"]
[SourceVersionDate "2018.03.10"]
[SourceQuality "1"]

1. d4 Nf6 2. c4 g6 3. Nc3 Bg7 4. e4 d6 5. Nf3 O-O 6. Be2 e5 7. O-O Nc6 8. d5
Ne7 9. b4 c6 10. a4 a5 11. bxa5 Qxa5 12. Bd2 Qc7 13. Ne1 Bd7 14. Qb3 Rfc8 15.
Rb1 Qd8 16. Nd3 cxd5 17. cxd5 Rxc3 18. Bxc3 Nxe4 19. Be1 Nf5 20. Qxb7 Bxa4 21.
Bd1 Bxd1 22. Rxd1 Rb8 23. Qa7 Nd4 24. f3 Ne2+ 25. Kh1 N4c3 26. Bxc3 Nxc3 27.
Rd2 Nxd5 28. Nxe5 Bxe5 29. Rxd5 Qc8 30. Qe3 Qc4 31. Qd3 Qa2 32. Rb5 Rc8 33. f4
Rc3 34. Rb8+ Kg7 35. Qb5 Bxf4 36. Qe8 Qc4 37. Qf8+ Kf6 38. Qxd6+ Kg5 39. Qd8+
Kh5 40. Rbb1 Ra3 41. Rxf4 1-0

[Event "Split Open 2016"]
[Site "Split CRO"]
[Date "2016.08.14"]
[Round "3.11"]
[White "Von Bahr, Oskar"]
[Black "Pavic, Filip"]
[Result "1/2-1/2"]
[WhiteElo "2378"]
[BlackElo "2209"]
[PlyCount "60"]
[EventDate "2016.08.13"]
[EventType "swiss"]
[EventRounds "9"]
[EventCountry "CRO"]
[SourceTitle "Ajedrez en Madrid"]
[Source "lmi"]
[SourceDate "2016.08.13"]
[SourceVersion "1"]
[SourceVersionDate "2018.03.10"]
[SourceQuality "1"]

1. c4 c5 2. g3 Nc6 3. Bg2 g6 4. Nc3 Bg7 5. Nf3 Nf6 6. d4 cxd4 7. Nxd4 O-O 8.
O-O Qa5 9. e3 d6 10. Bxc6 bxc6 11. Nxc6 Qc7 12. Nd5 Nxd5 13. cxd5 Ba6 14. Re1
Bb5 15. Qc2 Rfc8 16. Bd2 Bxc6 17. Rac1 Rab8 18. b3 Rb6 19. dxc6 Rxc6 20. Qxc6
Qxc6 21. Rxc6 Rxc6 22. Rc1 Rxc1+ 23. Bxc1 d5 24. Ba3 Kf8 25. Bc5 a6 26. a4 Ke8
27. b4 Kd7 28. Kf1 Be5 29. Ke2 e6 30. Kd3 Kc6 1/2-1/2

[Event "Split Open 2016"]
[Site "Split CRO"]
[Date "2016.08.14"]
[Round "3.12"]
[White "Bender, Ivan"]
[Black "Tomazini, Aljoša"]
[Result "0-1"]
[WhiteElo "2200"]
[BlackElo "2365"]
[PlyCount "69"]
[EventDate "2016.08.13"]
[EventType "swiss"]
[EventRounds "9"]
[EventCountry "CRO"]
[SourceTitle "Ajedrez en Madrid"]
[Source "lmi"]
[SourceDate "2016.08.13"]
[SourceVersion "1"]
[SourceVersionDate "2018.03.10"]
[SourceQuality "1"]

1. e4 c5 2. Nf3 e6 3. d4 cxd4 4. Nxd4 Nc6 5. Nc3 Qc7 6. g3 a6 7. Bg2 Nf6 8. Be3
d6 9. O-O Bd7 10. Re1 Be7 11. h3 O-O 12. Nb3 Ne5 13. Nd2 Bc6 14. f4 Ned7 15. g4
b5 16. g5 Ne8 17. Ne2 Nb6 18. f5 exf5 19. Nd4 fxe4 20. Nxe4 Bxe4 21. Bxe4 d5
22. Bg2 Nd6 23. b3 Ne4 24. Qg4 Bb4 25. Re2 Ng3 26. Rf2 Qc3 27. Qxg3 Qxa1+ 28.
Rf1 Qc3 29. Rd1 Rfe8 30. Rd3 Qe1+ 31. Qxe1 Bxe1 32. Nxb5 axb5 33. Bxb6 Re2 34.
Bxd5 Rxc2 35. Rf3 0-1

[Event "Split Open 2016"]
[Site "Split CRO"]
[Date "2016.08.14"]
[Round "3.13"]
[White "Ostovic, Matija"]
[Black "Katavic, Borivoj"]
[Result "0-1"]
[WhiteElo "2352"]
[BlackElo "2168"]
[PlyCount "102"]
[EventDate "2016.08.13"]
[EventType "swiss"]
[EventRounds "9"]
[EventCountry "CRO"]
[SourceTitle "Ajedrez en Madrid"]
[Source "lmi"]
[SourceDate "2016.08.13"]
[SourceVersion "1"]
[SourceVersionDate "2018.03.10"]
[SourceQuality "1"]

1. d4 Nf6 2. c4 c5 3. e3 g6 4. dxc5 Qa5+ 5. Bd2 Qxc5 6. Bc3 Bg7 7. Nf3 d6 8.
Nbd2 O-O 9. Rc1 Nbd7 10. Be2 b6 11. O-O Bb7 12. b4 Qc7 13. Qb3 Ne4 14. Nxe4
Bxe4 15. Nd4 a6 16. Qb2 Nf6 17. Nb3 Rfb8 18. c5 bxc5 19. bxc5 Ne8 20. Qd2 Bxc3
21. Qxc3 Bd5 22. Qd4 Bxb3 23. axb3 dxc5 24. Rxc5 Qd6 25. Qc4 Qb6 26. Bf3 Nd6
27. Qc3 Ra7 28. Rd1 Rd7 29. h4 Rdd8 30. Qe5 Qa7 31. h5 Ne8 32. Rcd5 Rxd5 33.
Bxd5 Qc7 34. Qg5 e6 35. Bc4 Ng7 36. h6 Nf5 37. e4 Nd6 38. e5 Ne8 39. Bxa6 Rxb3
40. Rc1 Rc3 41. Rxc3 Qxc3 42. Qe7 Qc1+ 43. Bf1 Qc6 44. f4 Nc7 45. f5 gxf5 46.
Qg5+ Kf8 47. Qg7+ Ke7 48. Qf6+ Kf8 49. Qg7+ Ke7 50. Qxh7 Qc5+ 51. Kh2 Qxe5+ 0-1

[Event "Split Open 2016"]
[Site "Split CRO"]
[Date "2016.08.14"]
[Round "3.14"]
[White "Grinblat, Artemiy"]
[Black "Yrjola, Jouni"]
[Result "1/2-1/2"]
[WhiteElo "2176"]
[BlackElo "2344"]
[PlyCount "48"]
[EventDate "2016.08.13"]
[EventType "swiss"]
[EventRounds "9"]
[EventCountry "CRO"]
[SourceTitle "Ajedrez en Madrid"]
[Source "lmi"]
[SourceDate "2016.08.13"]
[SourceVersion "1"]
[SourceVersionDate "2018.03.10"]
[SourceQuality "1"]

1. e4 g6 2. d4 Bg7 3. Nc3 d6 4. f4 Nf6 5. Nf3 O-O 6. Bd3 Nc6 7. e5 dxe5 8. fxe5
Nh5 9. Be3 Bg4 10. Be2 f6 11. exf6 exf6 12. O-O f5 13. h3 Bxf3 14. Bxf3 f4 15.
Bf2 Ng3 16. Re1 Nf5 17. Ne2 Nfxd4 18. Nxd4 Bxd4 19. Bxc6 Bxf2+ 20. Kxf2 Qh4+
21. Kf1 bxc6 22. Qf3 Qf6 23. Qb3+ Qf7 24. Re7 Qxb3 1/2-1/2

[Event "Split Open 2016"]
[Site "Split CRO"]
[Date "2016.08.14"]
[Round "3.15"]
[White "Armanda, Ivica"]
[Black "Roesch, Mario"]
[Result "1-0"]
[WhiteElo "2335"]
[BlackElo "2154"]
[PlyCount "99"]
[EventDate "2016.08.13"]
[EventType "swiss"]
[EventRounds "9"]
[EventCountry "CRO"]
[SourceTitle "Ajedrez en Madrid"]
[Source "lmi"]
[SourceDate "2016.08.13"]
[SourceVersion "1"]
[SourceVersionDate "2018.03.10"]
[SourceQuality "1"]

1. e4 e6 2. d4 d5 3. Nc3 dxe4 4. Nxe4 Nd7 5. Nf3 Ngf6 6. Bd3 c5 7. O-O cxd4 8.
Nxd4 a6 9. Bf4 Qb6 10. Nxf6+ Nxf6 11. Re1 Bc5 12. c3 Qxb2 13. Be5 h5 14. Re2
Qb6 15. Nf5 Kf8 16. Rb1 Qa5 17. Bd6+ Bxd6 18. Nxd6 Qc7 19. Bc2 h4 20. h3 Rh5
21. c4 Rb8 22. Rd2 Rc5 23. Qf3 b5 24. Rbd1 Bd7 25. Qd3 b4 26. Qe3 Ra5 27. Bb3
Qc5 28. Qf3 Bc6 29. Qf4 Qg5 30. Qh2 Qe5 31. Rd4 Qxh2+ 32. Kxh2 Rg5 33. f3 Rh5
34. R1d2 a5 35. Bd1 e5 36. R4d3 Rg5 37. c5 e4 38. fxe4 Nxe4 39. Nxe4 Bxe4 40.
Rd4 Re8 41. Ba4 Re6 42. Rxe4 Rxe4 43. Rd8+ Ke7 44. Re8+ Kf6 45. Rxe4 Rxc5 46.
Rxh4 g6 47. Bb3 Kg7 48. Rd4 Rf5 49. Kg3 Kh6 50. Rd5 1-0